[Event "COL-chT"]
[Site "Medellin"]
[Date "2021.12.11"]
[Round "5.3"]
[White "Ospina Castro, Santiago"]
[Black "Valera Padilla, Federico Jose"]
[Result "1/2-1/2"]
[WhiteElo "2008"]
[BlackElo "1842"]
[PlyCount "33"]
[EventDate "2021.12.09"]
[EventType "team-swiss"]
[EventRounds "6"]
[EventCountry "COL"]
[SourceTitle "CBM 205 Extra"]
[Source "ChessBase"]
[SourceDate "2022.01.31"]
[SourceVersion "1"]
[SourceVersionDate "2022.01.31"]
[SourceQuality "1"]
[WhiteTeam "Liga de Antioquia II"]
[BlackTeam "Atlantico Quintal"]
[WhiteTeamCountry "COL"]
[BlackTeamCountry "COL"]

1. e4 c5 2. Nf3 Nc6 3. d4 cxd4 4. Nxd4 g6 5. c4 Nf6 6. Nc3 d6 7. Be2 Nxd4 8. Qxd4 Bg7 9. Be3 0-0 10. Qd2 Be6 11. 0-0 Qa5 12. Rfc1 Rfc8 13. b3 a6 14. Rab1 Qd8 15. f3 Nd7 16. Nd5 Bxd5 17. cxd5 1/2-1/2

[Event "COL Subzt 2.3.4"]
[Site "Risarald"]
[Date "2021.11.24"]
[Round "3"]
[White "Valera Padilla, Federico Jose"]
[Black "Abreu Balza, Alan Jeremias"]
[Result "1-0"]
[WhiteElo "1827"]
[BlackElo "1459"]
[PlyCount "67"]
[EventDate "2021.11.23"]
[EventType "swiss"]
[EventRounds "9"]
[EventCountry "COL"]
[SourceTitle "CBM 205 Extra"]
[Source "ChessBase"]
[SourceDate "2022.01.31"]
[SourceVersion "1"]
[SourceVersionDate "2022.01.31"]
[SourceQuality "1"]

1. e4 e5 2. Nf3 Nc6 3. Bb5 a6 4. Ba4 Nf6 5. Qe2 b5 6. Bb3 Be7 7. 0-0 d6 8. c3 Bg4 9. h3 Bh5 10. d3 0-0 11. Nbd2 Na5 12. Bc2 c5 13. Re1 Nc6 14. Nf1 b4 15. Ng3 Bg6 16. Nh4 bxc3 17. bxc3 Re8 18. Nhf5 Bxf5 19. Nxf5 Bf8 20. Qf3 g6 21. Nh6+ Bxh6 22. Bxh6 Nh5 23. Bb3 Qf6 24. Qxf6 Nxf6 25. Ba4 Rec8 26. Rab1 Na5 27. c4 Rab8 28. Rxb8 Rxb8 29. Bd2 Nxc4 30. dxc4 Rb2 31. Bg5 Kg7 32. Bb3 a5 33. Bc1 Rb1 34. Bh6+ 1-0

[Event "COL-ch U18"]
[Site "Fusagasuga"]
[Date "2019.06.27"]
[Round "3"]
[White "Valera Padilla, Federico Jose"]
[Black "Vargas Viscaino, Jesus Daniel"]
[Result "1-0"]
[WhiteElo "1670"]
[BlackElo "1610"]
[PlyCount "96"]
[EventDate "2019.06.26"]
[EventType "tourn"]
[EventRounds "9"]
[EventCountry "COL"]
[SourceTitle "CBM 191 Extra"]
[Source "ChessBase"]
[SourceDate "2019.09.30"]
[SourceVersion "1"]
[SourceVersionDate "2019.09.30"]
[SourceQuality "1"]

1. e4 c5 2. Nf3 d6 3. d4 cxd4 4. Nxd4 Nf6 5. f3 a6 6. c4 e6 7. Nc3 Be7 8. Be3 Qc7 9. Be2 Nbd7 10. 0-0 0-0 11. Qd2 b6 12. Rac1 Bb7 13. Rfd1 Rac8 14. b3 Qb8 15. Bf1 Bd8 16. g3 Re8 17. Qf2 Bc7 18. a3 Ne5 19. b4 d5 20. cxd5 exd5 21. Bh3 dxe4 22. Bxc8 Qxc8 23. Nxe4 Nxe4 24. Qc2 Nxf3+ 25. Nxf3 Qg4 26. Qxc7 Qxf3 27. Qf4 Qe2 28. Re1 Qa2 29. Bxb6 g5 30. Qe3 Qd5 31. Rc5 Nxc5 32. Qxe8+ Kg7 33. Qe5+ Qxe5 34. Rxe5 Ne6 35. Be3 Kf6 36. Ra5 h6 37. a4 Nc7 38. b5 Ke6 39. bxa6 Nxa6 40. Rb5 Bc8 41. Rb6+ Ke5 42. Rxh6 f6 43. Rh8 Bb7 44. Rh7 Bc8 45. h4 gxh4 46. gxh4 f5 47. h5 f4 48. Bf2 Nb4 1-0

[Event "COL-ch U16"]
[Site "Cali"]
[Date "2019.06.24"]
[Round "9.3"]
[White "Alvarez Angel, Nelson Eduardo"]
[Black "Valera Padilla, Federico Jose"]
[Result "1-0"]
[WhiteElo "1921"]
[BlackElo "1670"]
[PlyCount "51"]
[EventDate "2019.06.19"]
[EventType "tourn"]
[EventRounds "9"]
[EventCountry "COL"]
[SourceTitle "CBM 191 Extra"]
[Source "ChessBase"]
[SourceDate "2019.09.30"]
[SourceVersion "1"]
[SourceVersionDate "2019.09.30"]
[SourceQuality "1"]

1. d4 d5 2. c4 c6 3. cxd5 cxd5 4. Bg5 Nf6 5. Bxf6 exf6 6. Nc3 Bb4 7. e3 Nc6 8. Bd3 Be6 9. Nge2 Qd7 10. 0-0 0-0 11. Rc1 a6 12. Nf4 g6 13. Na4 Ba5 14. Nc5 Qe7 15. Qb3 Rab8 16. Nxd5 Bxd5 17. Qxd5 Rfd8 18. Qe4 Qxe4 19. Bxe4 f5 20. Bf3 f4 21. Rfd1 fxe3 22. fxe3 Rd6 23. a3 Bd8 24. Kf2 a5 25. Rd2 b5 26. Ne4 1-0

[Event "COL-ch U16"]
[Site "Cali"]
[Date "2019.06.22"]
[Round "6.5"]
[White "Valera Padilla, Federico Jose"]
[Black "Tobar Beltran, Jorge Esteban"]
[Result "1/2-1/2"]
[WhiteElo "1670"]
[BlackElo "1683"]
[PlyCount "22"]
[EventDate "2019.06.19"]
[EventType "tourn"]
[EventRounds "9"]
[EventCountry "COL"]
[SourceTitle "CBM 191 Extra"]
[Source "ChessBase"]
[SourceDate "2019.09.30"]
[SourceVersion "1"]
[SourceVersionDate "2019.09.30"]
[SourceQuality "1"]

1. e4 e5 2. Nf3 Nf6 3. Nxe5 d6 4. Nf3 Nxe4 5. Nc3 Nxc3 6. dxc3 Be7 7. Be3 c5 8. Qd2 Nc6 9. 0-0-0 Qa5 10. Kb1 Be6 11. c4 Qa6 1/2-1/2

[Event "COL-ch U16"]
[Site "Cali"]
[Date "2019.06.19"]
[Round "1.3"]
[White "Valera Padilla, Federico Jose"]
[Black "Arciniegas Castro, Santiago"]
[Result "1-0"]
[WhiteElo "1670"]
[BlackElo "1881"]
[PlyCount "65"]
[EventDate "2019.06.19"]
[EventType "tourn"]
[EventRounds "9"]
[EventCountry "COL"]
[SourceTitle "CBM 191 Extra"]
[Source "ChessBase"]
[SourceDate "2019.09.30"]
[SourceVersion "1"]
[SourceVersionDate "2019.09.30"]
[SourceQuality "1"]

1. e4 c5 2. Nf3 Nc6 3. d4 cxd4 4. Nxd4 Nf6 5. Nc3 d6 6. Be2 e5 7. Nb3 Be6 8. Bg5 Be7 9. Bxf6 Bxf6 10. Nd5 0-0 11. 0-0 Bg5 12. Kh1 Rc8 13. c3 Qd7 14. f4 exf4 15. Nxf4 Ne5 16. Nd4 Qe7 17. Nfxe6 fxe6 18. Qb3 Rfe8 19. Bb5 Nc6 20. Nxe6 Kh8 21. Nxg5 Qxg5 22. Qd5 Qg6 23. Rad1 Re5 24. Qd3 Ne7 25. Bd7 Rd8 26. Qxd6 Qxd6 27. Rxd6 Rxe4 28. Bc6 Rxd6 29. Bxe4 Kg8 30. g3 b6 31. Kg2 h6 32. Rf2 Re6 33. Re2 1-0

[Event "COL-ch U18 sf2"]
[Site "Malambo"]
[Date "2019.05.05"]
[Round "6.2"]
[White "Valera Padilla, Federico Jose"]
[Black "Padilla Ordonez, Daniel Eduardo"]
[Result "1-0"]
[WhiteElo "1603"]
[BlackElo "1892"]
[PlyCount "103"]
[EventDate "2019.05.02"]
[EventType "swiss"]
[EventRounds "6"]
[EventCountry "COL"]
[SourceTitle "EXT 2024"]
[Source "ChessBase"]
[SourceDate "2023.10.10"]
[SourceVersion "1"]
[SourceVersionDate "2023.10.10"]
[SourceQuality "1"]

1. e4 e6 2. d4 d5 3. Nd2 c5 4. exd5 exd5 5. dxc5 Bxc5 6. Ngf3 Qb6 7. Qe2+ Ne7 8. Nb3 Bd6 9. Be3 Qc7 10. Nfd4 a6 11. g3 Nbc6 12. Bg2 Nxd4 13. Nxd4 0-0 14. 0-0 Be5 15. c3 Bxd4 16. Bxd4 Be6 17. Qe5 Qxe5 18. Bxe5 Nc6 19. Bf4 Rac8 20. Rad1 Rfd8 21. a3 Na5 22. Rd4 Rc4 23. Rfd1 Rxd4 24. Rxd4 Nc4 25. Bc1 f6 26. f4 Re8 27. Kf2 Nb6 28. Rb4 Nd7 29. Be3 b5 30. a4 bxa4 31. Rxa4 f5 32. Rxa6 Nf6 33. Bf3 Ne4+ 34. Bxe4 fxe4 35. b4 d4 36. Bxd4 Bc4 37. Ra7 g6 38. Rg7+ Kf8 39. Rxh7 Re6 40. Ke3 Bd3 41. Ra7 Ke8 42. Ra5 Rd6 43. g4 Kd7 44. h4 Kc6 45. h5 gxh5 46. Rxh5 Rg6 47. g5 Kd5 48. f5 Rg8 49. g6 Kd6 50. Rh8 Rxh8 51. Bxh8 Ke7 52. Bg7 1-0

[Event "COL-chT Liga Quintal"]
[Site "Barranquilla"]
[Date "2019.03.25"]
[Round "2.2"]
[White "Cardona, Alex"]
[Black "Valera Padilla, Federico Jose"]
[Result "0-1"]
[WhiteElo "1739"]
[BlackElo "1650"]
[PlyCount "58"]
[EventDate "2019.03.17"]
[EventType "team-tourn"]
[EventRounds "7"]
[EventCountry "COL"]
[SourceTitle "EXT 2024"]
[Source "ChessBase"]
[SourceDate "2023.10.10"]
[SourceVersion "1"]
[SourceVersionDate "2023.10.10"]
[SourceQuality "1"]
[WhiteTeam "Grandes Maestros"]
[BlackTeam "Quintal A"]
[WhiteTeamCountry "COL"]
[BlackTeamCountry "COL"]

1. e4 c5 2. Nf3 g6 3. d3 Bg7 4. Nbd2 Nc6 5. g3 d6 6. Bg2 Nf6 7. 0-0 0-0 8. Re1 Qc7 9. Nf1 Rb8 10. h4 Bg4 11. N1h2 h5 12. Bg5 Bd7 13. Qd2 b5 14. Bh6 a5 15. Bxg7 Kxg7 16. Ng5 b4 17. f4 e6 18. e5 Nh7 19. Nxh7 Kxh7 20. g4 hxg4 21. Nxg4 Qd8 22. f5 Rh8 23. fxg6+ Kxg6 24. Nf6 Kg7 25. Qg5+ Kf8 26. exd6 Nd4 27. Be4 Bc6 28. Rf1 Bxe4 29. Nxe4 Rg8 0-1

[Event "COL-ch U16"]
[Site "Cartagena"]
[Date "2018.05.19"]
[Round "8"]
[White "Mesa Baez, Samuel"]
[Black "Valera Padilla, Federico Jose"]
[Result "1-0"]
[WhiteElo "1613"]
[BlackElo "1630"]
[PlyCount "89"]
[EventDate "2018.05.15"]
[EventType "k.o."]
[EventRounds "9"]
[EventCountry "COL"]
[SourceTitle "CBM 184 Extra"]
[Source "ChessBase"]
[SourceDate "2018.06.28"]
[SourceVersion "1"]
[SourceVersionDate "2018.06.28"]
[SourceQuality "1"]

1. e4 c5 2. Nf3 Nc6 3. Bb5 g6 4. Bxc6 dxc6 5. d3 Bg7 6. Nc3 e5 7. h3 Qc7 8. Be3 b6 9. 0-0 Nf6 10. Qd2 h6 11. a4 Nd7 12. Nh2 g5 13. Ne2 Nf8 14. a5 Rb8 15. Ng3 Ng6 16. Nh5 f6 17. b4 cxb4 18. Qxb4 Kf7 19. Nxg7 Kxg7 20. axb6 axb6 21. Rfb1 b5 22. Ra7 Bb7 23. c4 Ra8 24. Rba1 Rxa7 25. Rxa7 Ra8 26. Rxa8 Bxa8 27. cxb5 cxb5 28. Qxb5 Qb7 29. Qxb7+ Bxb7 30. Kf1 Nf4 31. Bxf4 gxf4 32. Ke2 Kg6 33. Nf3 Ba6 34. Nh4+ Kg5 35. Nf5 h5 36. h4+ Kg6 37. Kd2 Bb5 38. Kc3 Ba4 39. d4 exd4+ 40. Kxd4 Bd1 41. Ne7+ Kf7 42. Nd5 f3 43. g3 Ke6 44. Nf4+ Kf7 45. Nxh5 1-0

[Event "COL-ch U16"]
[Site "Cartagena"]
[Date "2018.05.18"]
[Round "6"]
[White "Corredor Castellanos, Camilo"]
[Black "Valera Padilla, Federico Jose"]
[Result "1-0"]
[WhiteElo "1927"]
[BlackElo "1630"]
[PlyCount "92"]
[EventDate "2018.05.15"]
[EventType "k.o."]
[EventRounds "9"]
[EventCountry "COL"]
[SourceTitle "CBM 184 Extra"]
[Source "ChessBase"]
[SourceDate "2018.06.28"]
[SourceVersion "1"]
[SourceVersionDate "2018.06.28"]
[SourceQuality "1"]

1. d4 Nf6 2. c4 c5 3. d5 b5 4. cxb5 a6 5. bxa6 g6 6. Nc3 Bxa6 7. g3 Bg7 8. Bg2 d6 9. Nf3 Nbd7 10. 0-0 Nb6 11. Rb1 0-0 12. Nd2 Ra7 13. b3 Qd7 14. Bb2 Bb7 15. e4 Rfa8 16. a4 Ba6 17. Qc2 Bxf1 18. Bxf1 e6 19. Bb5 Qd8 20. Kg2 exd5 21. exd5 Rc8 22. Qd3 Nbd7 23. Nc4 Ne5 24. Nxe5 dxe5 25. f3 Qd6 26. Bc4 Rb8 27. Ba3 Nd7 28. Ne4 Qb6 29. Rc1 Nf6 30. Bxc5 Qb7 31. Nxf6+ Bxf6 32. d6 Ra5 33. Bb5 Rxb5 34. axb5 Qxb5 35. Qxb5 Rxb5 36. b4 Kg7 37. Rc2 Bd8 38. Ra2 Rb8 39. Ra6 Kf8 40. Kf2 Ke8 41. Ke2 Rb7 42. Kd3 Kd7 43. Kc4 Ke6 44. b5 f5 45. b6 g5 46. Ra7 Rb8 1-0

[Event "COL-ch U16 sf1"]
[Site "Riohacha"]
[Date "2018.03.10"]
[Round "6.1"]
[White "Valera Padilla, Federico Jose"]
[Black "Ruiz Jaraba, Valentina Sofia"]
[Result "1/2-1/2"]
[WhiteElo "1608"]
[BlackElo "1559"]
[PlyCount "21"]
[EventDate "2018.03.07"]
[EventType "swiss"]
[EventRounds "6"]
[EventCountry "COL"]
[SourceTitle "EXT 2024"]
[Source "ChessBase"]
[SourceDate "2023.10.10"]
[SourceVersion "1"]
[SourceVersionDate "2023.10.10"]
[SourceQuality "1"]

1. e4 c5 2. Nf3 d6 3. d4 cxd4 4. Nxd4 Nf6 5. Nc3 a6 6. Bc4 e6 7. f3 h5 8. Be3 b5 9. Bb3 Bb7 10. Qd2 Nbd7 11. 0-0-0 1/2-1/2

[Event "COL-ch U12"]
[Site "Bogota"]
[Date "2015.05.17"]
[Round "8"]
[White "Soto, Miguel Angel"]
[Black "Valera Padilla, Federico Jose"]
[Result "1-0"]
[WhiteElo "1969"]
[BlackElo "1622"]
[PlyCount "39"]
[EventDate "2015.05.13"]
[EventType "tourn"]
[EventRounds "9"]
[EventCountry "COL"]
[SourceTitle "CBM 166 Extra"]
[Source "ChessBase"]
[SourceDate "2015.06.18"]
[SourceVersion "1"]
[SourceVersionDate "2015.06.18"]
[SourceQuality "1"]

1. e4 e5 2. Nf3 Nc6 3. Bb5 Nf6 4. d3 d6 5. c3 Be7 6. 0-0 0-0 7. Re1 a6 8. Ba4 b5 9. Bc2 Bg4 10. Nbd2 Re8 11. Nf1 d5 12. h3 dxe4 13. hxg4 exf3 14. Qxf3 Qd5 15. Qh3 Qd7 16. d4 exd4 17. Bf5 Qd5 18. g5 Nh5 19. Be4 Qd6 20. Qxh5 1-0

[Event "COL-ch U12"]
[Site "Bogota"]
[Date "2015.05.16"]
[Round "6"]
[White "Valera Padilla, Federico Jose"]
[Black "Alvarez Angel, Nelson Eduardo"]
[Result "0-1"]
[WhiteElo "1622"]
[BlackElo "1726"]
[PlyCount "66"]
[EventDate "2015.05.13"]
[EventType "tourn"]
[EventRounds "9"]
[EventCountry "COL"]
[SourceTitle "CBM 166 Extra"]
[Source "ChessBase"]
[SourceDate "2015.06.18"]
[SourceVersion "1"]
[SourceVersionDate "2015.06.18"]
[SourceQuality "1"]

1. e4 e5 2. Bc4 Bc5 3. d3 Nf6 4. c3 Nc6 5. Bb3 d5 6. Nd2 0-0 7. Ngf3 dxe4 8. dxe4 Bg4 9. 0-0 Qe7 10. Bc2 Rad8 11. Qe2 Nh5 12. Nb3 Bb6 13. h3 Ng3 14. Qe1 Bxf3 15. gxf3 Nxf1 16. Qxf1 Qe6 17. Kh2 Ne7 18. Qg2 f5 19. exf5 Nxf5 20. Nd2 Rd7 21. Bb3 Rd5 22. Bxd5 Qxd5 23. Ne4 Nh4 24. Qg4 Nxf3+ 25. Kg3 Qd3 26. Bh6 Ng5+ 27. Kg2 Qxe4+ 28. Qxe4 Rxf2+ 29. Kh1 Nxe4 30. Rg1 g6 31. Rd1 Ng3+ 32. Kg1 Rd2+ 33. Be3 Bxe3# 0-1